| 000 | 00374nam a22001457a 4500 | ||
|---|---|---|---|
| 020 | _a9780071226073 | ||
| 040 | _cNust | ||
| 082 |
_a621.3822 _bMIT |
||
| 100 |
_aSanjit K. Mitra _9125421 |
||
| 245 | _aDigital signals processing | ||
| 250 | _a2nd Edition | ||
| 260 |
_aNew York: _bMcGraw-Hill, _c2002. |
||
| 650 |
_aDigital signals processing _9125248 |
||
| 942 |
_2ddc _cBK |
||
| 999 |
_c611174 _d611174 |
||